000 00488nam a2200181Ia 4500
005 20250508150356.0
008 008 250505s9999 xx 000 0 eng d
037 _aTextual
040 _aFEDL
_beng
_cFEDL
041 _aeng
_2eng
084 _a516, GRA
_qFEDL
100 _aGrace J H
_9756524
245 0 _aCoordinate geometry
260 _aLondon, UK
_bUniversity Tutorial Press Ltd.
_c1946
300 _a345p.
942 _cTEXL
_h516, GRA
999 _c1323278
_d1323278